LEADER 01267nam0 22003011i 450 001 UON00337892 005 20231205104246.923 100 $a20091013d1950 |0itac50 ba 101 $afre 102 $aFR 105 $a|||| 1|||| 200 1 $aRomans$aVoyages$fVictor Hugo$gavec une chronologie, une notice littéraire et des notes explicatives par Philippe Van Tieghem 205 $aParis : Hachette$bc1950 210 $a1 v.$evarie sequenze$cill. ; 18 cm 215 $aContiene: Notre-Dame de Paris$dLes Misérables, tomi I/II$dVoyages$dChoses vues. 410 1$1001UON00337887$12001 $aClassiques illustrés Vaubourdolle$1210 $aParis$cHachette. 620 $aFR$dParis$3UONL002984 676 $a840$cLetterature romanze. Letteratura francese$v21 700 1$aHUGO$bVictor$3UONV003324$0444801 702 1$aVAN TIEGHEM$bPhilippe$3UONV116859 712 $aHachette$3UONV247610$4650 801 $aIT$bSOL$c20240220$gRICA 899 $aSIBA - SISTEMA BIBLIOTECARIO DI ATENEO$2UONSI 912 $aUON00337892 950 $aSIBA - SISTEMA BIBLIOTECARIO DI ATENEO$dSI Francese V A HUG $eSI DC 1265 5 996 $aVoyages$91363457 996 $aRomans$91363456 997 $aUNIOR LEADER 01431nas 2200457- 450 001 9910503497403321 005 20240912213021.0 011 $a2772-3623 035 $a(OCoLC)1286908180 035 $a(CKB)5490000000057878 035 $a(CONSER)--2023226497 035 $a(EXLCZ)995490000000057878 100 $a20211111a20209999 --- - 101 0 $aeng 135 $aur|n||||||||| 181 $ctxt$2rdacontent 182 $cc$2rdamedia 183 $acr$2rdacarrier 200 00$aJournal of primary care specialties 210 1$a[Mumbai] :$cWolters Kluwer - Medknow,$d2020- 215 $a1 online resource 300 $aRefereed/Peer-reviewed 517 1 $aJPCS 606 $aPrimary health care$vPeriodicals 606 $aPrimary Health Care$3(DNLM)D011320 606 $aPeriodical$3(DNLM)D020492 606 $aSoins de santé primaires$3(CaQQLa)201-0092158$vPériodiques$3(CaQQLa)201-0378307 606 $aPrimary health care$2fast$3(OCoLC)fst01076341 608 $aPeriodicals.$2lcgft 608 $aPeriodicals$2fast 615 0$aPrimary health care 615 2$aPrimary Health Care 615 2$aPeriodical 615 6$aSoins de santé primaires 615 7$aPrimary health care. 676 $a610 712 02$aInstitute of Family Medicine and Primary Care, 906 $aJOURNAL 912 $a9910503497403321 996 $aJournal of Primary Care Specialties$91901946 997 $aUNINA